1215 1975 1764 1372 1175 1229 1283 1891 1571 1692 1752 1560 1025 1823 1710 1530 1453 1618 1903 1733 1663 1954 1844 1793 1920 1079 1829 1700 1262 1426 1953 1898 1461 1623 1505 1442 1318 1114 1239 1577 1391 1832 1296 1073 1054 1531 1455 1412 1944 1279 1392 1618 1115 1873 1639 1514 1106 1249 1877 1962 1822 1938 1921 1191 1385 1314 1191 1488 1664 1662 1810 1331 1521 1318 1903 1328 1772 1000 1616 1557 1663 1779 1803 1160 1627 1768 1998 1351 1680 1917 1949 1307 1511 1412 1499 1127 1841 1015 1173 BCNSPRNW ULIB Ver.6.0+V

เปลี่ยนเป็นภาษาไทย

Change to English
 แสดงรายละเอียดบรรณานุกรม
  กลับหน้าหลัก

Brief Record : Get Marc (ISO 2709) : E-mail record : QR code < ปิดหน้าต่าง
LEADER : 00000nam 2200000uu 4500
001    13399125925
003     ULIB
008    171025s2560||||th 000 0 tha d
020    ^a9786164260344
060    ^aWB460^bว846ก
100    ^aวีระพงษ์ ชิดนอก, เอกลักษณ์ กอบสาริกรณ์.
245    ^aกายภาพบำบัดในผู้ป่วยภาวะวิกฤต = Physical Therapy in Critical Patients/^bวีระพงษ์ ชิดนอก, เอกลักษณ์ กอบสาริกรณ์.
250    พิมพ์ครั้งที่ ^a2
260    ^aพิษณุโลก :^bสำนักพิมพ์มหาวิทยาลัยนเรศวร,^c2560
300    ^a184 หน้า;^c26 ซม.
650    ^aกายภาพบำบัด
650  0 ^aผู้ป่วย-การดูแล
945    ^p350^l0^i25670
945    ^p350^l0^i25671
945    ^p350^l0^i25672
999    ^aกัณชพร จุลอักษร
รายการนี้ยังไม่มีแท็ก
คุณยังไม่ได้ล็อกอิน คุณสามารถมีกิจกรรมร่วมกับเว็บไซต์ได้ แต่ต้องล็อกอินก่อน ::
  ล็อกอิน

รายการสื่อสารสนเทศ

ลำดับที่ ประเภท เลขเรียก/บาร์โค้ด สถานที่ สถานะ
1. หนังสือสำรอง
หนังสือสำรอง
WB460 ว846ก ฉ.1 
  Barcode: 25670
ห้องสมุดวิทยาเขตนครสวรรค์
►หนังสือทั่วไป:l:General Books
บนชั้น
2. วิทยาศาสตร์การแพทย์ และสุขภาพ
วิทยาศาสตร์การแพทย์ และสุขภาพ
WB460 ว846ก ฉ.2 
  Barcode: 25671
ห้องสมุดวิทยาเขตนครสวรรค์
►หนังสือทั่วไป:l:General Books
บนชั้น
3. วิทยาศาสตร์การแพทย์ และสุขภาพ
วิทยาศาสตร์การแพทย์ และสุขภาพ
WB460 ว846ก ฉ.3 
  Barcode: 25672
ห้องสมุดวิทยาเขตนครสวรรค์
►หนังสือทั่วไป:l:General Books
บนชั้น

รายการใกล้เคียง
    หัวเรื่อง [กายภาพบำบัด]
    หัวเรื่อง [ผู้ป่วย-การดูแล]

BibComment


ยังไม่เคยถูกคอมเมนท์

คอมเมนท์ทรัพยากรรายการนี้
  คอมเมนท์: กายภาพบำบัดในผู้..


 Copyright 2026. Bcnsprnw @Library